00384nam a2200133Ia 450000500170000000800410001702000150005808200130007310000160008624500510010226000420015330000130019550000420020820250612013547.0240331s9999 xx 000 0 und d a955910246X bDEAa305 aDe Alwis, M 0aSri Lankave sthreen chanda balayatakala satana aColombobSocial Scientist Association a106 p ., aSri Lankan women fight against voting